| 000 | 00579nam a22001697a 4500 | ||
|---|---|---|---|
| 003 | SGT | ||
| 020 | _a9788177589276 | ||
| 082 | _a004.6,COM | ||
| 100 | _aCOMER E. DOUGLAS | ||
| 245 | _aCOMPUTER NETWORKS AND INTERNET WITH INTERNET APPLICATIONS | ||
| 250 | _a4TH | ||
| 260 |
_aNEW DELHI _bPEARSON _c2008 |
||
| 300 | _a589 | ||
| 650 | _aCOMPUTER SCIENCE | ||
| 653 | _aUSING AND BUILDING INTERNET APPLICATIONS, MOTIVATION AND TOOLS, NETWORK PROGRAMMING AND APPLICATIONS, DATA TRANSMISSION, PACKET TRANSMISSION, INTERNETWORKING, NETWORK APPLICATIONS | ||
| 942 |
_2ddc _cFCM _01 |
||
| 999 |
_c8954 _d8954 |
||